| 000 | 00523nam a2200217 454500 | ||
|---|---|---|---|
| 001 | 078057 | ||
| 003 | BD-ChCU | ||
| 008 | Eng | ||
| 020 | _a | ||
| 040 |
_aDLC _cDLC _dBD-ChCU |
||
| 082 | 0 | 0 | _a183/LIP |
| 100 | 1 |
_a- _b- |
|
| 245 | 1 | 0 |
_aPortrait of socrates _bBeing the apology crito, and phaedo of plato in an english----- |
| 250 | _a- | ||
| 260 |
_aOxford _bClarendon Press, _c1966 |
||
| 300 | _a1vi, 200p | ||
| 504 | _a | ||
| 650 | 0 |
_aPhilosophy Greek _bPhilosophy, Greek |
|
| 700 | 1 | _a- | |
| 942 |
_2ddc _cBK |
||
| 999 |
_c78057 _d78057 |
||